Una recesión fuera de lo común (Registro nro. 15048)

Detalles MARC
000 -LEADER
fixed length control field 00316 a2200109 4500
001 - CONTROL NUMBER
control field ART_7141
005 - DATE AND TIME OF LATEST TRANSACTION
control field 20260410161700.0
008 - FIXED-LENGTH DATA ELEMENTS--GENERAL INFORMATION
fixed length control field 260409a
100 1# - MAIN ENTRY--PERSONAL NAME
Personal name Leijonhufvud, Axel
245 10 - TITLE STATEMENT
Title Una recesión fuera de lo común
773 0# - HOST ITEM ENTRY
Title Ensayos Económicos
Related parts - Nº 53/54 (ene./jun. 2009)
Record control number REV620

No hay ítems disponibles.